[Event "DEM U12 2023"]
[Site "Willingen GER"]
[Date "2023.06.03"]
[Round "9"]
[White "Greive, Jakob"]
[Black "Aweh, Mads"]
[Result "0-1"]
[Termination "normal"]
[Board "20"]
[WhiteElo "1551"]
[BlackElo "1429"]
[WhiteClock "01:14:50"]
[BlackClock "01:10:56"]
[PlyCount "44"]
[WhiteFideId "34603476"]
[BlackFideId "34604278"]
[EventCountry "GER"]
[EventRounds "9"]
[EventType "swiss"]
[EventDate "2023.05.27"]

1. e4 {[%clk 01:30:57]} {[%emt 00:00:02]} c5 {[%clk 01:30:20]} {[%emt
00:00:41]} 2. Nf3 {[%clk 01:31:18]} {[%emt 00:00:08]} d6 {[%clk 01:30:30]}
{[%emt 00:00:20]} 3. c3 {[%clk 01:31:41]} {[%emt 00:00:06]} Nf6 {[%clk
01:30:33]} {[%emt 00:00:28]} 4. Bc4 {[%clk 01:32:00]} {[%emt 00:00:09]} Nxe4
{[%clk 01:30:37]} {[%emt 00:00:28]} 5. Qa4+ {[%clk 01:32:24]} {[%emt 00:00:06]}
Nd7 {[%clk 01:30:53]} {[%emt 00:00:14]} 6. Bxf7+ {[%clk 01:32:43]} {[%emt
00:00:10]} Kxf7 {[%clk 01:31:16]} {[%emt 00:00:08]} 7. Qxe4 {[%clk 01:33:03]}
{[%emt 00:00:09]} Nf6 {[%clk 01:31:43]} {[%emt 00:00:03]} 8. Ng5+ {[%clk
01:32:35]} {[%emt 00:00:58]} Kg8 {[%clk 01:31:41]} {[%emt 00:00:33]} 9. Qc4+
{[%clk 01:32:28]} {[%emt 00:00:37]} e6 {[%clk 01:32:05]} {[%emt 00:00:06]} 10.
Nxe6 {[%clk 01:32:48]} {[%emt 00:00:10]} Qe8 {[%clk 01:32:30]} {[%emt
00:00:05]} 11. O-O {[%clk 01:31:59]} {[%emt 00:01:18]} Bxe6 {[%clk 01:32:02]}
{[%emt 00:00:58]} 12. Qe2 {[%clk 01:30:55]} {[%emt 00:01:33]} Qf7 {[%clk
01:30:57]} {[%emt 00:01:36]} 13. f4 {[%clk 01:30:32]} {[%emt 00:00:52]} Re8
{[%clk 01:30:42]} {[%emt 00:00:46]} 14. Qf3 {[%clk 01:28:39]} {[%emt 00:02:22]}
h6 {[%clk 01:23:23]} {[%emt 00:07:50]} 15. d3 {[%clk 01:25:43]} {[%emt
00:03:26]} Bf5 {[%clk 01:17:45]} {[%emt 00:06:09]} 16. h3 {[%clk 01:24:58]}
{[%emt 00:01:14]} Qd5 {[%clk 01:16:43]} {[%emt 00:01:32]} 17. Qxd5+ {[%clk
01:16:26]} {[%emt 00:09:02]} Nxd5 {[%clk 01:17:05]} {[%emt 00:00:09]} 18. Rd1
{[%clk 01:16:02]} {[%emt 00:00:52]} h5 {[%clk 01:12:36]} {[%emt 00:05:01]} 19.
a3 {[%clk 01:15:56]} {[%emt 00:00:36]} g6 {[%clk 01:12:21]} {[%emt 00:00:45]}
20. c4 {[%clk 01:16:06]} {[%emt 00:00:19]} Nc7 {[%clk 01:11:52]} {[%emt
00:01:00]} 21. Nc3 {[%clk 01:16:04]} {[%emt 00:00:31]} Bg7 {[%clk 01:11:27]}
{[%emt 00:00:56]} 22. d4 {[%clk 01:14:50]} {[%emt 00:01:43]} Bxd4+ {[%clk
01:10:56]} {[%emt 00:01:03]} 0-1

[Event "DEM U12 2023"]
[Site "Willingen GER"]
[Date "2023.06.03"]
[Round "9"]
[White "Sarian, David"]
[Black "Berndt, Ronson"]
[Result "1/2-1/2"]
[Termination "normal"]
[Board "21"]
[WhiteElo "1480"]
[BlackElo "1475"]
[WhiteClock "01:01:23"]
[BlackClock "00:28:52"]
[PlyCount "56"]
[WhiteFideId "34660275"]
[BlackFideId "34618694"]
[EventCountry "GER"]
[EventRounds "9"]
[EventType "swiss"]
[EventDate "2023.05.27"]

1. e4 {[%clk 01:30:57]} {[%emt 00:00:02]} c5 {[%clk 01:30:52]} {[%emt
00:00:09]} 2. Nf3 {[%clk 01:31:22]} {[%emt 00:00:04]} d6 {[%clk 01:30:08]}
{[%emt 00:01:14]} 3. c3 {[%clk 01:31:23]} {[%emt 00:00:29]} a6 {[%clk
01:23:16]} {[%emt 00:07:22]} 4. d4 {[%clk 01:31:14]} {[%emt 00:00:39]} cxd4
{[%clk 01:23:30]} {[%emt 00:00:16]} 5. cxd4 {[%clk 01:31:40]} {[%emt 00:00:04]}
Nf6 {[%clk 01:16:09]} {[%emt 00:07:50]} 6. Nc3 {[%clk 01:31:11]} {[%emt
00:00:59]} e6 {[%clk 01:14:15]} {[%emt 00:02:24]} 7. Bg5 {[%clk 01:30:42]}
{[%emt 00:00:59]} Be7 {[%clk 01:13:29]} {[%emt 00:01:15]} 8. e5 {[%clk
01:30:41]} {[%emt 00:00:32]} Nfd7 {[%clk 01:05:54]} {[%emt 00:08:05]} 9. Bxe7
{[%clk 01:27:59]} {[%emt 00:03:11]} Qxe7 {[%clk 01:05:38]} {[%emt 00:00:47]}
10. exd6 {[%clk 01:25:46]} {[%emt 00:02:43]} Qxd6 {[%clk 01:03:26]} {[%emt
00:02:40]} 11. Be2 {[%clk 01:21:30]} {[%emt 00:04:48]} Nf6 {[%clk 01:02:02]}
{[%emt 00:01:54]} 12. Qc2 {[%clk 01:21:19]} {[%emt 00:00:41]} Nc6 {[%clk
00:58:06]} {[%emt 00:04:26]} 13. Rd1 {[%clk 01:21:30]} {[%emt 00:00:19]} b5
{[%clk 00:57:10]} {[%emt 00:01:27]} 14. O-O {[%clk 01:21:07]} {[%emt 00:00:52]}
Bb7 {[%clk 00:48:28]} {[%emt 00:09:12]} 15. Rfe1 {[%clk 01:20:07]} {[%emt
00:01:29]} Nb4 {[%clk 00:45:32]} {[%emt 00:03:26]} 16. Qd2 {[%clk 01:13:42]}
{[%emt 00:06:56]} Nbd5 {[%clk 00:43:38]} {[%emt 00:02:22]} 17. Nxd5 {[%clk
01:05:52]} {[%emt 00:08:23]} Bxd5 {[%clk 00:42:32]} {[%emt 00:01:34]} 18. b3
{[%clk 01:06:04]} {[%emt 00:00:19]} O-O {[%clk 00:42:33]} {[%emt 00:00:29]} 19.
h3 {[%clk 01:04:48]} {[%emt 00:01:46]} Rac8 {[%clk 00:41:36]} {[%emt 00:01:27]}
20. Rc1 {[%clk 01:05:09]} {[%emt 00:00:09]} Ne4 {[%clk 00:40:12]} {[%emt
00:01:54]} 21. Qe3 {[%clk 01:04:23]} {[%emt 00:01:16]} h6 {[%clk 00:36:37]}
{[%emt 00:04:03]} 22. Bd3 {[%clk 01:02:52]} {[%emt 00:02:02]} Nf6 {[%clk
00:33:39]} {[%emt 00:03:28]} 23. Rxc8 {[%clk 01:00:56]} {[%emt 00:02:26]} Rxc8
{[%clk 00:33:19]} {[%emt 00:00:50]} 24. Rc1 {[%clk 01:01:18]} {[%emt 00:00:09]}
Rxc1+ {[%clk 00:31:18]} {[%emt 00:02:30]} 25. Qxc1 {[%clk 01:01:43]} {[%emt
00:00:05]} Qc6 {[%clk 00:29:25]} {[%emt 00:02:23]} 26. Qxc6 {[%clk 01:01:32]}
{[%emt 00:00:40]} Bxc6 {[%clk 00:29:38]} {[%emt 00:00:19]} 27. Ne5 {[%clk
01:01:52]} {[%emt 00:00:10]} Be4 {[%clk 00:28:55]} {[%emt 00:01:13]} 28. f3
{[%clk 01:01:23]} {[%emt 00:00:58]} Bxd3 {[%clk 00:28:52]} {[%emt 00:00:33]}
1/2-1/2

[Event "DEM U12 2023"]
[Site "Willingen GER"]
[Date "2023.06.03"]
[Round "9"]
[White "Geschke, David"]
[Black "Lee, Ho In"]
[Result "1/2-1/2"]
[Termination "normal"]
[Board "22"]
[WhiteElo "1458"]
[BlackElo "1492"]
[WhiteClock "00:16:43"]
[BlackClock "00:04:10"]
[PlyCount "65"]
[WhiteFideId "34619658"]
[BlackFideId "34623655"]
[EventCountry "GER"]
[EventRounds "9"]
[EventType "swiss"]
[EventDate "2023.05.27"]

1. d4 {[%emt 00:00:05]} d5 {[%clk 01:30:56]} 2. c4 {[%clk 01:31:22]} {[%emt
00:00:06]} dxc4 {[%clk 01:31:23]} {[%emt 00:00:03]} 3. e3 {[%clk 01:31:01]}
{[%emt 00:00:51]} e5 {[%clk 01:31:41]} {[%emt 00:00:11]} 4. Bxc4 {[%clk
01:30:47]} {[%emt 00:00:44]} exd4 {[%clk 01:32:01]} {[%emt 00:00:09]} 5. Qxd4
{[%clk 01:25:57]} {[%emt 00:05:20]} Qxd4 {[%clk 01:26:16]} {[%emt 00:06:15]} 6.
exd4 {[%clk 01:26:02]} {[%emt 00:00:25]} Nf6 {[%clk 01:26:39]} {[%emt
00:00:07]} 7. Nf3 {[%clk 01:25:28]} {[%emt 00:01:04]} Bd6 {[%clk 01:27:02]}
{[%emt 00:00:08]} 8. Nc3 {[%clk 01:24:08]} {[%emt 00:01:49]} O-O {[%clk
01:27:14]} {[%emt 00:00:17]} 9. O-O {[%clk 01:24:31]} {[%emt 00:00:07]} Nc6
{[%clk 01:27:35]} {[%emt 00:00:09]} 10. Nb5 {[%clk 01:24:02]} {[%emt 00:01:00]}
Ne8 {[%clk 01:19:07]} {[%emt 00:08:58]} 11. Nxd6 {[%clk 01:18:47]} {[%emt
00:05:45]} Nxd6 {[%clk 01:19:32]} {[%emt 00:00:06]} 12. Bb3 {[%clk 01:18:01]}
{[%emt 00:01:15]} Bf5 {[%clk 01:17:38]} {[%emt 00:02:25]} 13. Bf4 {[%clk
01:16:17]} {[%emt 00:02:15]} Rad8 {[%clk 01:17:59]} {[%emt 00:00:08]} 14. Rac1
{[%clk 01:14:32]} {[%emt 00:02:15]} Ne8 {[%clk 00:47:53]} {[%emt 00:30:36]} 15.
d5 {[%clk 01:11:10]} {[%emt 00:03:52]} Nb4 {[%clk 00:46:07]} {[%emt 00:02:15]}
16. Bxc7 {[%clk 01:10:14]} {[%emt 00:01:26]} Rd7 {[%clk 00:46:03]} {[%emt
00:00:29]} 17. Bg3 {[%clk 00:54:48]} {[%emt 00:16:02]} Nxd5 {[%clk 00:36:57]}
{[%emt 00:09:35]} 18. Rfd1 {[%clk 00:52:22]} {[%emt 00:02:53]} Nef6 {[%clk
00:32:19]} {[%emt 00:05:11]} 19. Ne5 {[%clk 00:49:50]} {[%emt 00:03:02]} Rdd8
{[%clk 00:31:38]} {[%emt 00:01:11]} 20. Bh4 {[%clk 00:48:39]} {[%emt 00:01:42]}
Be6 {[%clk 00:22:01]} {[%emt 00:10:07]} 21. Bxf6 {[%clk 00:37:54]} {[%emt
00:11:15]} Nxf6 {[%clk 00:19:23]} {[%emt 00:03:09]} 22. Bxe6 {[%clk 00:37:45]}
{[%emt 00:00:39]} fxe6 {[%clk 00:19:45]} {[%emt 00:00:08]} 23. a3 {[%clk
00:33:28]} {[%emt 00:04:46]} Rxd1+ {[%clk 00:14:19]} {[%emt 00:05:56]} 24. Rxd1
{[%clk 00:32:32]} {[%emt 00:01:26]} Rc8 {[%clk 00:14:44]} {[%emt 00:00:05]} 25.
Kf1 {[%clk 00:30:22]} {[%emt 00:02:40]} Kf8 {[%clk 00:15:08]} {[%emt 00:00:07]}
26. Ke2 {[%clk 00:29:02]} {[%emt 00:01:50]} Ke7 {[%clk 00:13:30]} {[%emt
00:02:08]} 27. Rd4 {[%clk 00:25:21]} {[%emt 00:04:09]} Rc2+ {[%clk 00:10:37]}
{[%emt 00:03:24]} 28. Rd2 {[%clk 00:25:37]} {[%emt 00:00:15]} Rc5 {[%clk
00:10:47]} {[%emt 00:00:18]} 29. f4 {[%clk 00:23:15]} {[%emt 00:02:53]} Nd5
{[%clk 00:07:16]} {[%emt 00:04:01]} 30. Nd3 {[%clk 00:21:09]} {[%emt 00:02:36]}
Rc4 {[%clk 00:06:04]} {[%emt 00:01:43]} 31. g3 {[%clk 00:21:00]} {[%emt
00:00:39]} a6 {[%clk 00:05:08]} {[%emt 00:01:26]} 32. Kf3 {[%clk 00:17:31]}
{[%emt 00:03:58]} g6 {[%clk 00:04:10]} {[%emt 00:01:29]} 33. h3 {[%clk
00:16:43]} {[%emt 00:01:18]} 1/2-1/2

[Event "DEM U12 2023"]
[Site "Willingen GER"]
[Date "2023.06.03"]
[Round "9"]
[White "Leonhardt, Max"]
[Black "Tomi, Emilian"]
[Result "1/2-1/2"]
[Termination "normal"]
[Board "23"]
[WhiteElo "1232"]
[BlackElo "1552"]
[WhiteClock "00:33:56"]
[BlackClock "00:32:47"]
[PlyCount "146"]
[WhiteFideId "34623647"]
[BlackFideId "34651829"]
[EventCountry "GER"]
[EventRounds "9"]
[EventType "swiss"]
[EventDate "2023.05.27"]

1. d4 {[%clk 01:30:54]} {[%emt 00:00:06]} d5 {[%clk 01:30:56]} {[%emt
00:00:05]} 2. c4 {[%clk 01:30:34]} {[%emt 00:00:49]} e6 {[%clk 01:31:21]}
{[%emt 00:00:06]} 3. Nf3 {[%clk 01:30:53]} {[%emt 00:00:10]} Nf6 {[%clk
01:31:42]} {[%emt 00:00:09]} 4. Bg5 {[%clk 01:29:55]} {[%emt 00:01:29]} Nbd7
{[%clk 01:31:59]} {[%emt 00:00:12]} 5. Nc3 {[%clk 01:30:10]} {[%emt 00:00:15]}
Be7 {[%clk 01:32:15]} {[%emt 00:00:15]} 6. e3 {[%clk 01:30:17]} {[%emt
00:00:22]} c6 {[%clk 01:32:23]} {[%emt 00:00:23]} 7. cxd5 {[%clk 01:30:16]}
{[%emt 00:00:30]} exd5 {[%clk 01:32:45]} {[%emt 00:00:10]} 8. Bd3 {[%clk
01:30:29]} {[%emt 00:00:14]} Ne4 {[%clk 01:31:59]} {[%emt 00:01:18]} 9. Bxe7
{[%clk 01:30:01]} {[%emt 00:00:58]} Qxe7 {[%clk 01:32:08]} {[%emt 00:00:21]}
10. Qc2 {[%clk 01:27:43]} {[%emt 00:02:47]} Nd6 {[%clk 01:24:11]} {[%emt
00:08:29]} 11. O-O {[%clk 01:25:26]} {[%emt 00:02:46]} Nf6 {[%clk 01:23:34]}
{[%emt 00:01:07]} 12. Rfe1 {[%clk 01:23:49]} {[%emt 00:02:07]} Nde4 {[%clk
01:22:50]} {[%emt 00:01:14]} 13. Ne5 {[%clk 01:22:03]} {[%emt 00:02:15]} Nxc3
{[%clk 01:12:09]} {[%emt 00:11:12]} 14. Qxc3 {[%clk 01:20:53]} {[%emt
00:01:39]} O-O {[%clk 01:12:19]} {[%emt 00:00:22]} 15. Rab1 {[%clk 00:59:38]}
{[%emt 00:10:29]} Be6 {[%clk 01:11:03]} 16. b4 {[%clk 00:56:03]} {[%emt
00:17:37]} a6 {[%emt 00:00:33]} 17. a4 {[%clk 00:56:14]} {[%emt 00:00:18]} Nd7
{[%clk 01:09:38]} {[%emt 00:01:53]} 18. Nxd7 {[%clk 00:54:32]} {[%emt
00:02:12]} Qxd7 {[%clk 01:10:01]} {[%emt 00:00:08]} 19. b5 {[%clk 00:54:43]}
{[%emt 00:00:19]} cxb5 {[%clk 01:07:57]} {[%emt 00:02:34]} 20. axb5 {[%clk
00:54:46]} {[%emt 00:00:27]} Rfc8 {[%clk 01:08:18]} {[%emt 00:00:10]} 21. Qd2
{[%clk 00:54:53]} {[%emt 00:00:23]} axb5 {[%clk 01:04:32]} {[%emt 00:04:16]}
22. Bxb5 {[%clk 00:54:11]} {[%emt 00:01:12]} Qd6 {[%clk 01:03:28]} {[%emt
00:01:34]} 23. Bd3 {[%clk 00:53:39]} {[%emt 00:01:01]} Rab8 {[%clk 01:03:05]}
{[%emt 00:00:54]} 24. Rec1 {[%clk 00:52:20]} {[%emt 00:01:49]} Rxc1+ {[%clk
01:02:39]} {[%emt 00:00:56]} 25. Qxc1 {[%clk 00:52:28]} {[%emt 00:00:22]} Bd7
{[%clk 00:59:45]} {[%emt 00:03:24]} 26. Qc5 {[%clk 00:48:29]} {[%emt 00:04:29]}
Qxc5 {[%clk 00:56:46]} {[%emt 00:03:29]} 27. dxc5 {[%clk 00:48:52]} {[%emt
00:00:07]} Kf8 {[%clk 00:53:38]} {[%emt 00:03:38]} 28. Ba6 {[%clk 00:48:18]}
{[%emt 00:01:05]} Bc6 {[%clk 00:53:27]} {[%emt 00:00:41]} 29. Bb5 {[%clk
00:48:43]} {[%emt 00:00:05]} Bxb5 {[%clk 00:53:38]} {[%emt 00:00:19]} 30. Rxb5
{[%clk 00:49:05]} {[%emt 00:00:08]} Rc8 {[%clk 00:54:00]} {[%emt 00:00:08]} 31.
Kf1 {[%clk 00:49:05]} {[%emt 00:00:29]} Rc7 {[%clk 00:54:16]} {[%emt 00:00:14]}
32. Ke2 {[%clk 00:49:25]} {[%emt 00:00:09]} Ke7 {[%clk 00:54:40]} {[%emt
00:00:07]} 33. Kd3 {[%clk 00:49:32]} {[%emt 00:00:23]} Kd7 {[%clk 00:54:50]}
{[%emt 00:00:20]} 34. Kd4 {[%clk 00:49:25]} {[%emt 00:00:36]} Kc8 {[%clk
00:54:16]} {[%emt 00:01:04]} 35. Kxd5 {[%clk 00:49:24]} {[%emt 00:00:31]} Rd7+
{[%clk 00:54:38]} {[%emt 00:00:08]} 36. Ke4 {[%clk 00:49:45]} {[%emt 00:00:09]}
Rd2 {[%clk 00:54:55]} {[%emt 00:00:14]} 37. Kf3 {[%clk 00:50:06]} {[%emt
00:00:09]} f6 {[%clk 00:53:35]} {[%emt 00:01:51]} 38. Rb6 {[%clk 00:46:02]}
{[%emt 00:04:35]} Rd5 {[%clk 00:53:10]} {[%emt 00:00:54]} 39. c6 {[%clk
00:45:49]} {[%emt 00:00:43]} bxc6 {[%clk 00:53:27]} {[%emt 00:00:13]} 40. Rxc6+
{[%clk 00:46:10]} {[%emt 00:00:08]} Kd7 {[%clk 00:53:53]} {[%emt 00:00:05]} 41.
Ra6 {[%clk 00:46:21]} {[%emt 00:00:19]} Ke7 {[%clk 00:52:02]} {[%emt 00:02:21]}
42. Ra7+ {[%clk 00:45:13]} {[%emt 00:01:38]} Kf8 {[%clk 00:51:57]} {[%emt
00:00:35]} 43. Ra3 {[%clk 00:44:48]} {[%emt 00:00:55]} Kf7 {[%clk 00:52:01]}
{[%emt 00:00:26]} 44. e4 {[%clk 00:45:06]} {[%emt 00:00:11]} Rd1 {[%clk
00:52:21]} {[%emt 00:00:10]} 45. Kg3 {[%clk 00:44:22]} {[%emt 00:01:14]} Re1
{[%clk 00:52:21]} {[%emt 00:00:31]} 46. f3 {[%clk 00:44:00]} {[%emt 00:00:52]}
Re2 {[%clk 00:52:41]} {[%emt 00:00:10]} 47. Kh3 {[%clk 00:43:49]} {[%emt
00:00:41]} g5 {[%clk 00:47:58]} {[%emt 00:05:13]} 48. Ra7+ {[%clk 00:43:19]}
{[%emt 00:01:00]} Kg6 {[%clk 00:47:10]} {[%emt 00:01:18]} 49. g4 {[%clk
00:43:38]} {[%emt 00:00:11]} h5 {[%clk 00:46:25]} {[%emt 00:01:15]} 50. gxh5+
{[%clk 00:43:43]} {[%emt 00:00:25]} Kxh5 {[%clk 00:46:46]} {[%emt 00:00:09]}
51. Kg3 {[%clk 00:41:39]} {[%emt 00:02:34]} Kg6 {[%clk 00:46:50]} {[%emt
00:00:26]} 52. h4 {[%clk 00:41:50]} {[%emt 00:00:18]} gxh4+ {[%clk 00:46:36]}
{[%emt 00:00:44]} 53. Kxh4 {[%clk 00:42:14]} {[%emt 00:00:07]} f5 {[%clk
00:43:21]} {[%emt 00:03:46]} 54. Ra6+ {[%clk 00:42:28]} {[%emt 00:00:15]} Kf7
{[%clk 00:43:43]} {[%emt 00:00:07]} 55. exf5 {[%clk 00:42:43]} {[%emt
00:00:16]} Rg2 {[%clk 00:43:01]} {[%emt 00:01:10]} 56. Rg6 {[%clk 00:41:31]}
{[%emt 00:01:44]} Rh2+ {[%clk 00:37:41]} {[%emt 00:05:50]} 57. Kg3 {[%clk
00:41:17]} {[%emt 00:00:44]} Rh1 {[%clk 00:37:53]} {[%emt 00:00:18]} 58. Kf4
{[%clk 00:41:00]} {[%emt 00:00:47]} Rf1 {[%clk 00:37:42]} {[%emt 00:00:41]} 59.
Rc6 {[%clk 00:40:43]} {[%emt 00:00:47]} Rd1 {[%clk 00:35:31]} {[%emt 00:02:22]}
60. Rc3 {[%clk 00:40:26]} {[%emt 00:01:06]} Rd7 {[%clk 00:35:54]} {[%emt
00:00:07]} 61. Kg5 {[%clk 00:40:17]} {[%emt 00:00:38]} Kg7 {[%clk 00:35:33]}
{[%emt 00:00:52]} 62. f6+ {[%clk 00:39:08]} {[%emt 00:01:39]} Kf7 {[%clk
00:34:30]} {[%emt 00:01:33]} 63. Rc5 {[%clk 00:38:49]} {[%emt 00:00:49]} Rb7
{[%clk 00:34:03]} {[%emt 00:00:57]} 64. Kf5 {[%clk 00:37:13]} {[%emt 00:02:06]}
Rd7 {[%clk 00:34:12]} {[%emt 00:00:21]} 65. f4 {[%clk 00:37:08]} {[%emt
00:00:35]} Rb7 {[%clk 00:34:28]} {[%emt 00:00:15]} 66. Re5 {[%emt 00:01:31]}
Rb4 {[%clk 00:33:37]} 67. Re7+ {[%clk 00:37:07]} {[%emt 00:00:50]} Kf8 {[%clk
00:33:54]} {[%emt 00:00:13]} 68. Rc7 {[%clk 00:34:48]} {[%emt 00:02:48]} Rb8
{[%clk 00:33:27]} {[%emt 00:00:57]} 69. Kg6 {[%clk 00:33:58]} {[%emt 00:01:20]}
Kg8 {[%clk 00:33:06]} {[%emt 00:00:51]} 70. f5 {[%clk 00:33:30]} {[%emt
00:00:58]} Ra8 {[%clk 00:33:04]} {[%emt 00:00:32]} 71. Rg7+ {[%clk 00:33:50]}
{[%emt 00:00:09]} Kf8 {[%clk 00:32:57]} {[%emt 00:00:38]} 72. f7 {[%clk
00:33:42]} {[%emt 00:00:38]} Ra6+ {[%emt 00:01:03]} 73. f6 {[%clk 00:33:56]}
{[%emt 00:00:14]} Rxf6+ {[%clk 00:32:47]} {[%emt 00:00:11]} 1/2-1/2